000 00367 a2200157 4500
001 152621
040 _cEscola São Tomás de Aquino
100 _aVASCONCELOS, José Mauro
240 1 0 _aRosinha, minha canoa
_lpor
245 1 0 _aRosinha, minha canoa
300 _a200
362 0 _a2000
440 1 _aMelhoramentos
697 _a*LITERATURA JUVENIL
942 _cBK
999 _c152621
_d152621